| 000 | 00386cam a2200157ua 4500 | ||
|---|---|---|---|
| 041 |
_aeng _h |
||
| 082 |
_a530 _bROB/CO |
||
| 100 | _aRobert, L . | ||
| 245 |
_aCollege physics / _cL Robert. _hTextual Documents |
||
| 260 |
_aNew York : _bMcGraw Hill Book Company , _c1988. |
||
| 300 | _a640 ; . | ||
| 504 | _a | ||
| 700 | 1 | _aMarsh, Kenneth W . | |
| 942 | _cBK | ||
| 999 |
_c10735 _d10735 |
||